01528 2200181 4500245009100000020002200091250001100113100002900124650001800153650001800171005001900189260004000208041001400248084001000262300002300272500104200295336000901337 aWangsit (Pawang Soal Sulit) HOTS SKD Sekolah KedinasancTim Pusat Karier SalembahText a978-602-05-2995-0 aCet. 1 aTim Pusat Karier Salemba aKumpulan Soal aSKD Kedinasan a20250305102725 aJakartabGramedia Widiasaranac2024 aIndonesia a371.3 a475 hlm. :c30 cm. aSekolah kedinasan merupakan sekolah di bawah naungan kementerian atau lembaga pemerintahan. Sekolah kedinasan dapat menjadi pilihan untuk melanjutkan pendidikan. Sekolah kedinasan umumnya membebaskan biaya pendidikan kepada mahasiswanya. Selain itu, prospek kerja yang lebih terjamin. Tidak heran jika setiap tahunnya animo pendaftar sekolah kedinasan selalu tinggi. Oleh karena itu, jika tertarik untuk menjadi salah satu mahasiswa di sekolah kedinasan kalian harus mempersiapkan diri dengan baik.Buku WANGSIT (Pawang Soal Sulit) HOTS SKD Sekolah Kedinasan ini hadir untuk membekali siswa dalam persiapan seleksi masuk sekolah kedinasan. Materi dalam buku ini membahas secara mendalam tentang seleksi masuk kedinasan yang terdiri dari TWK, TIU, dan TKP.Selain itu, dilengkapi dengan informasi lengkap tentang sekolah kedinasan, drilling bank soal per topik bahasan dan pembahasan yang mudah dipahami. Bank soal simulasi tes masuk kedinasan juga hadir untuk memberikan gambaran soal yang akan diujikan. Selamat belajar dan semoga sukses! atext